000 00338 a2200157 4500
001 167192
020 _a
040 _cMagnum
100 _aSchliemann, Analucia Dias
240 1 0 _aNa vida dez, na escola zero
_lpor
245 1 0 _aNa vida dez, na escola zero
362 0 _a1899
440 1 _aCortez
697 _aENSINO
942 _cBK
999 _c167192
_d167192